| 000 | 00814cab a2200241 4500 | ||
|---|---|---|---|
| 001 | X95683 | ||
| 008 | 090401t1998 xxu||||| |||| 00| 0 eng d | ||
| 035 | _a(Sirsi) u90319 | ||
| 041 | _aeng | ||
| 245 | _aBritish Telecommunications plc v James Thomson and Sons Ltd | ||
| 260 | _c1998 | ||
| 350 | _a0 | ||
| 490 |
_aNew Property Cases _v[1998] NPC 161 |
||
| 520 | _aHL 10 December 1998. Whether a subcontractor can avoid a duty of care not to cause damage because the employer has contracted to insure against that damage. | ||
| 650 | _aBRITISH TELECOMMUNICATIONS V JAMES THOMSON AND SONS | ||
| 650 | _aBUILT ENVIRONMENT-BUILDING CONTRACT FORMS | ||
| 650 | _aDUTY OF CARE | ||
| 650 | _aINSURANCE POLICY | ||
| 650 | _aSUBCONTRACTS | ||
| 690 | _aINSURANCE-CASE LAW | ||
| 942 | _n0 | ||
| 948 | _c16/12/1998 | ||
| 999 |
_c57251 _d57251 |
||